The Fundamentals of landscape Architecture

Đã lưu trong:
Chi tiết về thư mục
Tác giả chính: Waterman, Tim
Định dạng: Sách
Ngôn ngữ:English
Những chủ đề:
Các nhãn: Thêm thẻ
Không có thẻ, Là người đầu tiên thẻ bản ghi này!
Thư viện lưu trữ: Mạng thư viện Đại học Đà Nẵng
LEADER 00833nam a22002531a 4500
001 000034590
003 10793
005 20151027133638.0
008 151027s0 000 eng
020 |a 9782940373918 
041 |a eng 
082 |a 428  |b WA-T 
100 |a Waterman, Tim 
245 |a The Fundamentals of landscape Architecture  |c Tim Waterman 
300 |a 192p. : ill ; 25cm 
650 |a Tim Waterman, landscape , english 
OWN |a LNN 
AVA |a UDN50  |b LNN  |d 428 WA-T  |e available  |t Error 5001 Not defined in file expand_doc_bib_avail.  |f 1  |g 0  |h N  |i 0  |k 1 
999 |a From the UDN01 
AVA |a UDN50  |b LNN  |d 428 WA-T  |e available  |t Error 5001 Not defined in file expand_doc_bib_avail.  |f 1  |g 0  |h N  |i 0  |k 1 
TYP |a Monograph 
980 |a Mạng thư viện Đại học Đà Nẵng